| 000 | 00440cam a2200169ua 4500 | ||
|---|---|---|---|
| 041 |
_aeng _h |
||
| 082 |
_a821 _bFON/FA |
||
| 100 | _aFontaine, La . | ||
| 245 |
_aFables / _cLa Fonatine. _hTextual Documents |
||
| 260 |
_aLondon : _bJ M Dent and Sons Ltd , _c1952. |
||
| 300 | _a323 ; . | ||
| 440 | 0 |
_aEveryman`s Library, _v991 _x; |
|
| 490 | 0 |
_aEveryman`s Library, _v991 _x; |
|
| 942 | _cBK | ||
| 999 |
_c5114 _d5114 |
||